00565nam a2200205 a 4500001001300000003000900013005001700022008004100039020001000080082001700090100002100107245003100128260003400159300000900193500003500202505004600237650002100283650003000304650002500334nice12345678IN_TiNIC20260116015133.0050524s1992 cala grp 000 0 eng  ac10000a296.155bBAI aBaigent, Michael aDead Sea Scrolls Deception aCaliforniabCorgi Booksc1992 a381p aincludes index and biblioraphy2 aNotes and References, Bibliography, Index aDead Sea Scrolls aJesus Christ-Historiocity aEarly-Church History